| 000 | 00745nam a2200217 a 4500 | ||
|---|---|---|---|
| 001 | HUB004528 | ||
| 005 | 20141211141630.0 | ||
| 008 | |||
| 020 | _a9789719983040 | ||
| 050 |
_aP 90 _b.V233 2013 |
||
| 100 | _aValdez, Suzette F. | ||
| 245 | 0 |
_aEssentials of oral communication towards effective and responsible speech / _cSuzette F. Valdez and Rommel B. Dela Cruz. |
|
| 260 |
_aManila, Philippines : _cc2013. _bPurely Books Trading & Publishing Corp., |
||
| 300 |
_a276 pages : _billustrations ; _c22 cm. |
||
| 500 | _aIncludes bibliographical references. | ||
| 521 | _aGeneral Education | ||
| 650 | _aCommunication. | ||
| 650 | _aSpeech. | ||
| 700 | _aDela Cruz, Rommel B. | ||
| 942 |
_2lcc _cBK _kFOR |
||
| 999 |
_c276932 _d276932 |
||